000 00631nam a22001697a 4500
003 MACL
005 20160726121930.0
008 160726b xxu||||| |||| 00| 0 eng d
040 _cMACL
041 _aHindi
082 _a398 BUD
100 _aबुदकी, बीना
_965316
245 _aअवधी तथा कश्‍मीरी लोकगीतों में लोकतत्‍व
_cबीना बुदकी
260 _aनई दिल्‍ली
_bहिन्‍दी कश्‍मीरी संगम
_c2009
650 _aलोक साहित्‍य
_949621
942 _2ddc
_cHIN
999 _c54979
_d54979